| 000 | 01085nam a2200325 a 4500 | ||
|---|---|---|---|
| 001 | 78438 | ||
| 003 | BD-RjUL | ||
| 005 | 20211209083129.0 | ||
| 008 | 210922s1962 enk b 001 0 eng d | ||
| 035 | _a(BD-RjUL)78664 | ||
| 040 |
_aBD-RjUL _beng _cBD-RjUL |
||
| 041 | _aeng | ||
| 082 |
_223 _a320.01 _bMIU 1962 |
||
| 100 | 1 |
_aMill, John Stuart, _d1806-1873. _9248288 |
|
| 245 | 1 | 0 |
_aUtilitarianism, On liberty and Essay on Bentham / _cJohn Stuart Mill; together with selected writings of Jeremy Bentham and John Austin; edited with an introduction by Mary Warnock. |
| 260 |
_aLondon : _bCollins, _c1962. |
||
| 300 |
_a352 p. ; _c18 cm. |
||
| 500 | _aIncludes index. | ||
| 504 | _aBibliography: p. 343-344. | ||
| 650 | 0 |
_aPhilosophy _9248299 |
|
| 650 | 0 |
_aLiberty _9248300 |
|
| 650 | 0 |
_aHuman evolution. _9248289 |
|
| 650 | 0 |
_aUtilitarianism. _9248290 |
|
| 700 | 1 | 2 |
_aBentham, Jeremy, _d1748-1832. _9248301 |
| 700 | 1 | 2 |
_aAustin, John, _d1790-1859. _9248302 |
| 700 | 1 |
_aWarnock, Mary. _9248303 |
|
| 830 | 0 |
_aFontana library. _9248304 |
|
| 942 |
_2ddc _cBK |
||
| 999 |
_c78438 _d78438 |
||